000 01260 a2200241 4500
001 41184
005 20260407155705.0
008 260407a2003 arg spa d
003 AR-UNSa-BCEJYS
040 _aAR-UNSa-BCEJYS
_bspa
_cAR-UNSa-BCEJYS
080 _a347.736
_xQuiebra. Insolvencia. Suspensión de pagos. Bancarrota, procedimientos. Derecho Concursal
245 1 0 _aDerecho concursal argentino e iberoamericano
_pV Congreso Argentino de derecho concursal ; III Congreso Iberoamericano sobre la insolvencia
020 _a950-894-412-9
264 1 _aBuenos Aires :
_bAD-HOC
_c2003
300 _a2 v.
_c23 cm.
505 _aVol. II: 1. Acciones de recomposición patrimonial y responsabilidad de los socios, administradores y terceros - 2. Límites al contenido del acuerdo y facultades homologatorias - 3. Novación concursal y salvataje empresario - 4. Temas generales
041 _aspa
942 _cBK
590 _aniveau_biblio:m niveau_hierar:0
100 1 _aCongreso Iberoamericano sobre la Insolvencia (3º : 2003 : Mar del Plata, Argentina)
700 1 _aCongreso Argentino de Derecho Concursal (5º : 2003 : Mar del Plata, Argentina)
856 4 1 _uhttps://biblioeco.unsa.edu.ar/pmb/images/libros/L126413.jpg
_yImagen de portada
_qimage/jpeg
999 _c3404
_d3404